[Event "Mittelfrank Regionalliga Nord-West 2122"]
[Site "Mittelfranken"]
[Date "2021.11.14"]
[Round "2.6"]
[White "Chen, Jiuli"]
[Black "Gehlert, Berthold"]
[Result "1-0"]
[WhiteElo "1829"]
[BlackElo "1784"]
[PlyCount "62"]
[EventDate "2021.10.24"]
[EventType "team-tourn"]
[EventRounds "9"]
[EventCountry "GER"]
[SourceTitle "EXT 2024"]
[Source "ChessBase"]
[SourceDate "2023.10.10"]
[SourceVersion "1"]
[SourceVersionDate "2023.10.10"]
[SourceQuality "1"]
[WhiteTeam "Wuerzburg II"]
[BlackTeam "Bamberg II"]
[WhiteTeamCountry "GER"]
[BlackTeamCountry "GER"]

1. d4 Nf6 2. Nf3 e6 3. e3 b6 4. Bd3 Bb7 5. 0-0 Be7 6. Nbd2 d6 7. Re1 0-0 8. b3 Nbd7 9. Bb2 h6 10. e4 c5 11. e5 dxe5 12. dxe5 Nd5 13. Be4 f5 14. exf6 N7xf6 15. c4 Nxe4 16. Nxe4 Nc7 17. Qe2 Rf4 18. Rad1 Qe8 19. Ned2 Bf6 20. Ne5 Rd8 21. f3 Rf5 22. g4 Rf4 23. Qe3 Bg5 24. Qc3 Rf6 25. Ne4 Bxe4 26. fxe4 Rxd1 27. Rxd1 Rf4 28. Rd7 Qf8 29. Qe1 Bh4 30. Qxh4 Rf1+ 31. Kg2 Rd1 1-0